Rivières des Alpes-Maritimes (06) - Statistiques

Statistiques générales
  • Ce quiz a été pris 15 fois
  • Le résultat moyen est 5 sur 15
Statistiques - réponses
Longueur en km Rivière % Correct
114 Var
100%
45,9 Vésubie
69%
49,3 Loup
54%
40,1 Roya
46%
44,5 Siagne
46%
27,5 Cagne
31%
66,2 Estéron
31%
21,5 Le Paillon des Contes
31%
36,3 Paillon
31%
21 Brague
23%
25,3 Cians
15%
53,7 Artuby
8%
27 Bévéra
8%
69,9 Thinée
8%
24,5 Biançon
0%
Aucun quiz correspondant
Distribution des résultats
% des personnes avec chaque résultat
Percentile par nombre de réponses
Votre historique - résultats
Vous n’avez pas pris ce quiz